C++ programming : Program design including data structures
Salvato in:
| Autore principale: | |
|---|---|
| Natura: | Libro |
| Lingua: | Undetermined |
| Pubblicazione: |
Boston, MA.
Thomson/Course Technology
2007
|
| Soggetti: | |
| Tags: |
Aggiungi Tag
Nessun Tag, puoi essere il primo ad aggiungerne! !
|
| Thư viện lưu trữ: | Trung tâm Học liệu Trường Đại học Cần Thơ |
|---|
| LEADER | 00595nam a2200193Ia 4500 | ||
|---|---|---|---|
| 001 | CTU_128919 | ||
| 008 | 210402s9999 xx 000 0 und d | ||
| 020 | |c 1765000 | ||
| 082 | |a 005.133 | ||
| 082 | |b M251 | ||
| 100 | |a Malik, D. S. | ||
| 245 | 0 | |a C++ programming : | |
| 245 | 0 | |b Program design including data structures | |
| 245 | 0 | |c D. S. Malik | |
| 260 | |a Boston, MA. | ||
| 260 | |b Thomson/Course Technology | ||
| 260 | |c 2007 | ||
| 650 | |a C++ ( Computer program language ),C++ ( Ngôn ngữ lập trình máy tính ) | ||
| 980 | |a Trung tâm Học liệu Trường Đại học Cần Thơ | ||